| 000 | 00670nam a2200229 a 4500 | ||
|---|---|---|---|
| 001 | 000082032 | ||
| 005 | 20200120224651.0 | ||
| 008 | 161128s2016 ck ||||gr|||| 001|1 spa d | ||
| 020 | _a9789583510892 | ||
| 041 | 0 | _aspa | |
| 043 | _as-ck--- | ||
| 082 | 0 | 4 |
_a344.01 _bO11 _221 |
| 100 | 1 | _aObando Garrido, José María | |
| 245 | 1 | 0 |
_aDerecho laboral / _cJosé María Obando Garrido. |
| 250 | _a2a. ed. | ||
| 260 |
_aBogotá : _bEditorial Temis, _c2016. |
||
| 300 | _a460 páginas. | ||
| 500 | _aIncluye índice | ||
| 650 | 1 | 7 |
_aDerecho laboral _zColombia _2LEMB |
| 650 | 2 | 7 |
_aProcedimiento laboral _zColombia _2LEMB |
| 650 | 2 | 7 |
_aDerecho procesal laboral _zColombia _2LEMB |
| 999 |
_c10440 _d10440 |
||